| 000 | 00898nam0a22002891 4500 | ||
|---|---|---|---|
| 001 | 2571535 | ||
| 005 | 20250622224508.0 | ||
| 021 |
_aRU _b78-90833 |
||
| 035 | _a(NLR Aleph) 006455401 | ||
| 090 |
_a5781385 _c5781385 |
||
| 100 | _a20110316d1978 |||y0rusy50 ca | ||
| 101 | 1 |
_arus _aeng _crus _geng |
|
| 102 | _aRU | ||
| 105 | _aa z ||||| | ||
| 200 | 1 |
_aGamma-rays from the inelastic scattering of fast neutrons _fA.M. Demidov |
|
| 210 |
_aMoscow _cБ. и. _d1978 |
||
| 215 |
_a10 с., 2 л. ил. _d30 |
||
| 225 | 1 |
_aI.V. Kurchatov institute of atomic energy. [Publications] _vIAE-3060 |
|
| 320 | _aБиблиогр.: с. 9-10 | ||
| 686 |
_aВ383.522,09 _2rubbk |
||
| 700 | 1 |
_aДемидов _bА.М. _gАнатолий Михайлович |
|
| 801 | 0 |
_aRU _bNLR _gpsbo |
|
| 801 | 1 |
_aRU _bELAR _2rusmarc |
|
| 852 |
_aNLR _jDesideratum |
||
| 899 |
_aRuMoRGB _jИн 75-8/81 |
||
| 942 | _cBOOK | ||
| 980 | _aNB | ||